00529nam a2200181 a 45000010010000000030011000100080041000210200018000620350026000801000022001062450049001282500018001772600063001953000015002585000017002736500027002908560030003170001-1189ELIB.Books150512 2010 eng  a9780802871015 a(ELIB.Books)0001-1344 aBurridge, Richard aFour Gospels, One Jesus?bA Symbolic Reading aThird Edition aGrand RapidsbWilliam B. Eerdmans Publishing Companyc2014 a217c23 Cm aC/o Moe Lwei aNew Testament, Gospels nKBTS: LibraryuKBTS: Elib